| 000 | 00908nam a2200277 i 4500 | ||
|---|---|---|---|
| 003 | EG-GICUC | ||
| 005 | 20260415210818.0 | ||
| 008 | 260415r1997 nyu||||fr|||| 000 0 eng d | ||
| 040 |
_aEG-GiCUC _beng _cEG-GiCUC _dEG-GiCUC _erda |
||
| 082 | 0 | 4 |
_221 _a341.23 _bUN . R |
| 092 | 0 | 4 | _221 |
| 099 | _aLaw1 11 341.23 UN . R 1997 | ||
| 110 |
_aUnited Nations _eAuthor. |
||
| 245 | 1 | 0 |
_aReport Of The International Law Commission On The Work Of Its Forty-Night Session 12May-18July 1997 / _cUnited Nations. |
| 264 | 0 | 1 |
_aNew York: _bUnited Nations, _c1997. |
| 300 |
_a160 Pages; _c24 cm. |
||
| 336 |
_2rda content _atext |
||
| 337 |
_2rda media _aComputer |
||
| 338 |
_2rda carrier _aOnline Resource |
||
| 546 | _aText in English | ||
| 650 | 1 | _aPublic International Law | |
| 650 | 1 | _aUnited Nations | |
| 856 | 4 | 0 | _uhttps://fll.law.cu.edu.eg/fulltext/bks/B11-09671.pdf |
| 905 | _a59 | ||
| 942 |
_2ddc _cBK _e21 _n0 |
||
| 999 |
_c71301 _d71301 |
||